| Tag |
First Indicator |
Second Indicator |
Subfields |
| LEADER |
00000cam a2200000 4500 |
| 001 |
in00000046034 |
| 005 |
20151007065303.0 |
| 008 |
750508s1950 enk b 00000 eng u |
| 010 |
|
|
|a 50009927
|
| 035 |
|
|
|a (OCoLC)01319891
|
| 035 |
|
|
|9 AAE1685AM
|
| 040 |
|
|
|c IRU
|d TXA
|d UtOrBLW
|
| 049 |
|
|
|a TXAM
|c [423224]
|
| 050 |
|
0 |
|a QC225
|b .S82
|
| 082 |
0 |
|
|a 534
|
| 092 |
|
|
|a 534
|b S835w
|
| 100 |
1 |
|
|a Stephens, R. W. B.
|q (Raymond William Barrow)
|
| 245 |
1 |
0 |
|a Wave motion and sound /
|c by R. W. B. Stephens and A. E. Bate.
|
| 264 |
|
1 |
|a London :
|b Arnold,
|c [1950]
|
| 300 |
|
|
|a viii, 448 pages :
|b illustrations ;
|c 23 cm.
|
| 336 |
|
|
|a text
|b txt
|2 rdacontent
|
| 337 |
|
|
|a unmediated
|b n
|2 rdamedia
|
| 338 |
|
|
|a volume
|b nc
|2 rdacarrier
|
| 504 |
|
|
|a Includes bibliographies.
|
| 650 |
|
0 |
|a Sound.
|
| 700 |
1 |
|
|a Bate, A. E.
|
| 999 |
|
|
|a MARS
|
| 999 |
f |
f |
|s 89950dbd-3fad-3d22-8333-6da100369234
|i cbac93a3-1136-3b33-8577-d8aaf2a41845
|t 0
|
| 952 |
f |
f |
|p normal
|a Texas A&M University
|b College Station
|c Sterling C. Evans Library
|d Evans: Library Stacks
|t 0
|e QC225 .S82
|h Library of Congress classification
|i unmediated -- volume
|m A14800915862
|
| 998 |
f |
f |
|a QC225 .S82
|t 0
|l Evans: Library Stacks
|